000 01754ngm a2200373 4500
003 dpl
005 20090107112410.0
007 DVD
008 ||||||sp199 xxu|||||c ||| 00| 0 ng d
010 _aDVD-001966-1968
024 _aSHE 312 F2
_c49.00
035 _aDVD-001966-1968
040 _aDPL
_cDPL
082 _aDVD / AAPK
245 _aAap Ki Kasam
_cFilmyug Presents
_h[videorecording] VCD/
260 _bShemaroo Video Pvt. Ltd.
300 _a2 videodisc VCD;
_bsd., col. ;
_c4 3/4 in.
_fVCD
440 _aShemaroo Home Entertainment
500 _aThis is a Video CD with Digital Audio, Full Motion Video and Play Back Control suitable for Video CD players and Multimedia Pc's with MPEG card.
500 _aThis title is complete with 2 discs Not to be sold individually
538 _aDolby Digital 5.1 - Hindi Subtitles: English
650 _aMotion Picture
700 _aJ Om Prakash
700 _aBurman, R. D.
700 _aKhanna, Rajesh
700 _aMumtaz
700 _aSanjeev Kumar
700 _aRanjeet
942 _cCF
_2ddc
_hDVD
_mAAPK
999 _c20684
_d20684